[Event "New York 1000 GM Spring IM-C"]
[Site "New York"]
[Date "2024.03.31"]
[Round "9"]
[White "Yudasin, Leonid"]
[Black "Pang, Qi"]
[Result "1/2-1/2"]
[WhiteElo "2337"]
[BlackElo "2195"]
[PlyCount "37"]
[EventDate "2024.03.27"]
[EventType "tourn"]
[EventRounds "9"]
[EventCountry "USA"]
[EventCategory "1"]
[SourceTitle "CB14_2024"]
[SourceDate "2024.04.01"]
[SourceVersion "1"]
[SourceVersionDate "2024.04.01"]
[SourceQuality "1"]

1. d4 d5 2. Nf3 Nf6 3. Bf4 e6 4. e3 Bd6 5. c3 0-0 6. Nbd2 c5 7. Bxd6 Qxd6 8. Bd3 Nc6 9. 0-0 e5 10. dxe5 Nxe5 11. Nxe5 Qxe5 12. h3 Qe7 13. Qc2 Be6 14. Bf5 Rfe8 15. Rfe1 Qc7 16. Bxe6 Rxe6 17. c4 dxc4 18. Qxc4 Rd8 19. Nf3 1/2-1/2

[Event "New York 1000 GM Spring IM-C"]
[Site "New York"]
[Date "2024.03.30"]
[Round "6"]
[White "Pang, Qi"]
[Black "Atwell, Rose"]
[Result "0-1"]
[WhiteElo "2195"]
[BlackElo "2285"]
[PlyCount "72"]
[EventDate "2024.03.27"]
[EventType "tourn"]
[EventRounds "9"]
[EventCountry "USA"]
[EventCategory "1"]
[SourceTitle "CB14_2024"]
[SourceDate "2024.04.01"]
[SourceVersion "1"]
[SourceVersionDate "2024.04.01"]
[SourceQuality "1"]

1. Nf3 d5 2. c4 c6 3. e3 Nf6 4. Be2 Bg4 5. 0-0 e6 6. b3 Nbd7 7. h3 Bxf3 8. Bxf3 Bd6 9. Bb2 Qe7 10. Nc3 h5 11. cxd5 exd5 12. d4 h4 13. e4 dxe4 14. Bxe4 0-0-0 15. Re1 Bc7 16. Bxc6 Qd6 17. Bxd7+ Nxd7 18. Kf1 Qh2 19. Qf3 Rde8 20. Re3 Bf4 21. Rc1 Bxe3 22. fxe3 Kb8 23. Ba3 Re6 24. Nd5 Ra6 25. Bb2 Rxa2 26. Rc2 Rc8 27. Qe4 Rxc2 28. Qxc2 Ra6 29. Qh7 Qd6 30. Qxh4 Rc6 31. Qe4 Nf6 32. Nxf6 Qxf6+ 33. Kg1 Re6 34. Qd3 Qg6 35. Qc3 Rc6 36. Qb4 Qb1+ 0-1

[Event "New York President's Day IM-B"]
[Site "New York"]
[Date "2024.02.20"]
[Round "9"]
[White "Pang, Qi"]
[Black "Lee, Megan Shuen Hui"]
[Result "1/2-1/2"]
[WhiteElo "2144"]
[BlackElo "2279"]
[PlyCount "131"]
[EventDate "2024.02.15"]
[EventType "schev"]
[EventRounds "9"]
[EventCountry "USA"]
[SourceTitle "CB08_2024"]
[SourceDate "2024.02.21"]
[SourceVersion "1"]
[SourceVersionDate "2024.02.21"]
[SourceQuality "1"]

1. Nf3 d5 2. d4 Nf6 3. g3 c6 4. Bg2 Bf5 5. 0-0 e6 6. Nbd2 Be7 7. c4 h6 8. b3 Ne4 9. Bb2 Nd7 10. e3 0-0 11. Qe2 a5 12. Rfd1 a4 13. Nxe4 Bxe4 14. Bf1 axb3 15. axb3 Qb6 16. Nd2 Bg6 17. Bc3 Bf6 18. f4 Qc7 19. c5 Rfb8 20. b4 b6 21. Nb3 bxc5 22. Nxc5 Nxc5 23. bxc5 Qb7 24. Qd2 Qb3 25. Rdc1 Bd8 26. Be2 Kf8 27. Bd1 Qb5 28. Be2 Qb7 29. Kf2 Ke8 30. Rxa8 Rxa8 31. Ra1 Rxa1 32. Bxa1 Qb1 33. Qd1 Qa2 34. Bc3 Bh5 35. Bd2 Bxe2 36. Qxe2 Kd7 37. Kf3 Qb1 38. Be1 Qa1 39. Kf2 Kc8 40. Qh5 Qa2+ 41. Kf1 Qc4+ 42. Kf2 Qc2+ 43. Kf1 Qc4+ 44. Kf2 Qa2+ 45. Kf1 Qa7 46. Bd2 Qa6+ 47. Kf2 Qa2 48. Ke1 Qa7 49. Kf2 Qe7 50. Be1 Kb7 51. Kf1 Ka8 52. g4 Qf6 53. Bg3 Ka7 54. f5 g6 55. Qxh6 exf5 56. Be5 Qg5 57. Qf8 fxg4 58. Qxf7+ Ka6 59. Bf4 Qf5 60. Qxf5 gxf5 61. Kg2 Kb5 62. h3 gxh3+ 63. Kxh3 Kc4 64. Kg3 Kd3 65. Kf3 Ba5 66. Bg5 1/2-1/2

[Event "New York President's Day IM-B"]
[Site "New York"]
[Date "2024.02.19"]
[Round "8"]
[White "Xu, Grant"]
[Black "Pang, Qi"]
[Result "0-1"]
[WhiteElo "2313"]
[BlackElo "2144"]
[PlyCount "150"]
[EventDate "2024.02.15"]
[EventType "schev"]
[EventRounds "9"]
[EventCountry "USA"]
[SourceTitle "CB08_2024"]
[SourceDate "2024.02.21"]
[SourceVersion "1"]
[SourceVersionDate "2024.02.21"]
[SourceQuality "1"]

1. e4 e5 2. Nf3 Nc6 3. Bc4 Bc5 4. c3 Nf6 5. d4 exd4 6. cxd4 Bb4+ 7. Nbd2 d5 8. exd5 Nxd5 9. 0-0 0-0 10. a3 Bxd2 11. Bxd2 Nb6 12. Ba2 Bg4 13. h3 Bh5 14. g4 Bg6 15. d5 Nxd5 16. Qb3 Nb6 17. Bf4 Qf6 18. Bg5 Qe6 19. Qc3 Na4 20. Qd2 Qd6 21. Rad1 Qxd2 22. Rxd2 Nc5 23. b4 Ne4 24. Rd7 Nxg5 25. Nxg5 h6 26. Nf3 Rac8 27. Nh4 Bc2 28. b5 Ne5 29. Rd2 g5 30. Rxc2 gxh4 31. f4 Ng6 32. f5 Ne5 33. f6 Rfe8 34. Bd5 c6 35. bxc6 bxc6 36. Bh1 c5 37. Rf5 c4 38. g5 c3 39. gxh6 Rc5 40. Be4 Kh8 41. Kf1 Rd8 42. Rg5 Rd4 43. Rcg2 Rd1+ 44. Ke2 Rd2+ 45. Ke1 Rxg2 46. Rxg2 Nd7 47. Kd1 Nxf6 48. Bd3 Rh5 49. Kc2 Nd5 50. Rf2 f5 51. Bc4 Ne3+ 52. Kd3 c2 53. Kd2 Nxc4+ 54. Kxc2 Ne5 55. Rf4 Kh7 56. Ra4 Nc6 57. Kd2 Rxh6 58. Ke3 Re6+ 59. Kf3 Kg6 60. Rxh4 Ne5+ 61. Kf4 Nf7 62. Kf3 Ra6 63. a4 Ne5+ 64. Kg3 Rc6 65. Rb4 Rc3+ 66. Kg2 Rc4 67. Rb5 Nc6 68. a5 Kg5 69. Rb7 Rc2+ 70. Kg1 Kf4 71. Rf7 a6 72. Rf6 Kg3 73. Rg6+ Kf3 74. h4 Ne5 75. Rg5 Rc1+ 0-1

[Event "New York President's Day IM-B"]
[Site "New York"]
[Date "2024.02.16"]
[Round "2"]
[White "Wongso, Steve"]
[Black "Pang, Qi"]
[Result "0-1"]
[WhiteElo "2156"]
[BlackElo "2144"]
[PlyCount "76"]
[EventDate "2024.02.15"]
[EventType "schev"]
[EventRounds "9"]
[EventCountry "USA"]
[SourceTitle "CB08_2024"]
[SourceDate "2024.02.21"]
[SourceVersion "1"]
[SourceVersionDate "2024.02.21"]
[SourceQuality "1"]

1. d4 Nf6 2. c4 g6 3. Nc3 d5 4. Nf3 Bg7 5. cxd5 Nxd5 6. e4 Nxc3 7. bxc3 0-0 8. Bc4 c5 9. 0-0 Bg4 10. Be3 cxd4 11. cxd4 Nc6 12. e5 Na5 13. Bd3 Be6 14. Qe2 Bd5 15. Rac1 a6 16. Ng5 b5 17. Rc5 Rc8 18. Rfc1 Nc4 19. e6 f5 20. Nf7 Qb6 21. Nh6+ Kh8 22. Nf7+ Kg8 23. Rxd5 Qxe6 24. Rc5 Qxf7 25. R1xc4 bxc4 26. Bxc4 e6 27. Bg5 Kh8 28. Bxe6 Rce8 29. d5 Qa7 30. Rc6 Rb8 31. g3 Rb2 32. Qe3 Qd4 33. Rc7 Qd1+ 34. Kg2 Rb1 35. Kh3 Qf1+ 36. Kh4 Qg2 37. h3 Rh1 38. g4 Qxg4# 0-1

[Event "Washington op 10th"]
[Site "Rockville"]
[Date "2023.08.13"]
[Round "4"]
[White "Pang, Qi"]
[Black "Clasby, Derek"]
[Result "0-1"]
[WhiteElo "2203"]
[BlackElo "2271"]
[PlyCount "74"]
[EventDate "2023.08.12"]
[EventType "swiss"]
[EventRounds "9"]
[EventCountry "USA"]
[SourceTitle "CBM 215 Extra"]
[Source "ChessBase"]
[SourceDate "2023.09.30"]
[SourceVersion "1"]
[SourceVersionDate "2023.09.30"]
[SourceQuality "1"]

1. Nf3 Nf6 2. d4 g6 3. g3 b6 4. Bg2 Bb7 5. c4 Bg7 6. 0-0 0-0 7. Nc3 Ne4 8. Nxe4 Bxe4 9. b3 c5 10. Bb2 Nc6 11. e3 d5 12. Qe2 cxd4 13. exd4 Rc8 14. Rfd1 Qc7 15. Rac1 Qb7 16. Bh3 Rcd8 17. Ng5 Bf5 18. Bg2 Qa6 19. Kf1 Qxa2 20. Bxd5 Nb4 21. Ra1 Qxb3 22. Ra3 Qc2 23. Rd2 Qb1+ 24. Rd1 Qc2 25. Rd2 Qb1+ 26. Kg2 Nc2 27. Rxa7 Ne1+ 28. Kh1 Nc2+ 29. Rd1 Qxb2 30. Bxf7+ Kh8 31. Qxe7 Rxd4 32. Rxd4 Qxd4 33. Bd5 Qd1+ 34. Kg2 Ne1+ 35. Kh1 Be4+ 36. Qxe4 Nf3+ 37. Kg2 Qg1+ 0-1

[Event "New York Summer 1000 GM IM-B"]
[Site "New York"]
[Date "2023.07.10"]
[Round "8.3"]
[White "Pang, Qi"]
[Black "Adewumi, Tanitoluwa"]
[Result "1/2-1/2"]
[WhiteElo "2193"]
[BlackElo "2276"]
[PlyCount "170"]
[EventDate "2023.07.06"]
[EventType "schev"]
[EventRounds "9"]
[EventCountry "USA"]
[SourceTitle "CBM 215 Extra"]
[Source "ChessBase"]
[SourceDate "2023.09.30"]
[SourceVersion "1"]
[SourceVersionDate "2023.09.30"]
[SourceQuality "1"]
[WhiteTeam "Team B"]
[BlackTeam "Team D"]
[WhiteTeamCountry "USA"]
[BlackTeamCountry "USA"]

1. Nf3 Nf6 2. d4 e6 3. g3 b5 4. Bg2 Bb7 5. a4 b4 6. c4 bxc3 7. Nxc3 c5 8. 0-0 cxd4 9. Nxd4 Bxg2 10. Kxg2 Qc8 11. f3 a6 12. Be3 Be7 13. Rc1 Qb7 14. Qb3 Qxb3 15. Nxb3 Nc6 16. Nd4 Nb4 17. Nc2 0-0 18. Nxb4 Bxb4 19. Na2 Nd5 20. Bf2 Bd2 21. Rcd1 Ne3+ 22. Bxe3 Bxe3 23. Rd3 Bg5 24. e4 Rab8 25. b4 Rfd8 26. Rd6 Ra8 27. f4 Be7 28. Rd4 Rac8 29. Rc1 Rxc1 30. Nxc1 Kf8 31. Nd3 Ke8 32. Rc4 Rb8 33. Kf3 Kd8 34. Ke3 d6 35. Kd4 Kd7 36. h3 h5 37. Rc1 g6 38. Rb1 Rc8 39. b5 axb5 40. axb5 Bd8 41. Nb2 f5 42. exf5 Bf6+ 43. Kd3 Rc3+ 44. Kd2 Rb3 45. Kc2 Rc3+ 46. Kd2 Rb3 47. Kc2 Rc3+ 48. Kd2 gxf5 49. Nd3 Ra3 50. Ke2 Bd4 51. Rb4 Ra2+ 52. Kf3 e5 53. fxe5 dxe5 54. g4 Rd2 55. Nxe5+ Bxe5 56. gxf5 Bf6 57. b6 Kc8 58. b7+ Kb8 59. Rb6 Bd8 60. Rb3 Rd4 61. Ke3 Rh4 62. Kf2 Rf4+ 63. Rf3 Re4 64. f6 Re8 65. Kg3 Kxb7 66. Kh4 Re5 67. Kg3 Rg5+ 68. Kh4 Rc5 69. Kg3 Bc7+ 70. Kf2 Bd6 71. f7 Bf8 72. Ke3 Kc7 73. Ke4 h4 74. Kf4 Rh5 75. Kg4 Rh7 76. Rd3 Be7 77. Rf3 Rh8 78. Kf5 Kd7 79. Rd3+ Bd6 80. Kf6 Rd8 81. Kg7 Ke6 82. Rf3 Be5+ 83. Kg6 Rf8 84. Kg5 Kd5 85. Kxh4 Ke6 1/2-1/2

[Event "World op 51st"]
[Site "Philadelphia"]
[Date "2023.07.04"]
[Round "8"]
[White "Mujumdar, Sameer Suhas"]
[Black "Pang, Qi"]
[Result "1-0"]
[WhiteElo "1992"]
[BlackElo "2187"]
[PlyCount "131"]
[EventDate "2023.06.30"]
[EventType "swiss"]
[EventRounds "9"]
[EventCountry "USA"]
[SourceTitle "CBM 215 Extra"]
[Source "ChessBase"]
[SourceDate "2023.09.30"]
[SourceVersion "1"]
[SourceVersionDate "2023.09.30"]
[SourceQuality "1"]

1. g3 d5 2. Bg2 Nf6 3. Nf3 g6 4. 0-0 Bg7 5. d3 0-0 6. Nbd2 c5 7. e4 Nc6 8. Re1 e6 9. c3 b6 10. Qa4 Bb7 11. e5 Nd7 12. d4 cxd4 13. cxd4 f6 14. Bh3 fxe5 15. Bxe6+ Kh8 16. Bxd7 Qxd7 17. dxe5 Nxe5 18. Qxd7 Nxd7 19. Ng5 Rfe8 20. Ndf3 Rxe1+ 21. Nxe1 Re8 22. Nef3 Kg8 23. Be3 Bxb2 24. Rb1 Bf6 25. h4 Ne5 26. Bd4 h6 27. Bxe5 Bxe5 28. Re1 hxg5 29. hxg5 d4 30. Nxe5 Kg7 31. f4 Bd5 32. Rd1 Bxa2 33. Ra1 Be6 34. Rxa7+ Kg8 35. Ra4 Rd8 36. Nc6 Rd6 37. Nxd4 Bd7 38. Rb4 Rd5 39. Kf2 b5 40. Ke3 Rc5 41. Rb3 Kf7 42. Ke4 Ke7 43. Ra3 Bh3 44. Ra7+ Kf8 45. Ra8+ Kf7 46. Rb8 Bd7 47. Rb7 Ke8 48. Rb6 Kf7 49. Rd6 Bh3 50. Rf6+ Kg7 51. Rb6 Bf5+ 52. Nxf5+ gxf5+ 53. Kd4 Rc4+ 54. Kd5 Re4 55. Rxb5 Re3 56. Kd4 Re4+ 57. Kd3 Ra4 58. Rxf5 Ra3+ 59. Ke4 Rxg3 60. Ra5 Rb3 61. f5 Rb7 62. Ra4 Kf7 63. Kf4 Rb1 64. Ra7+ Kf8 65. g6 Rb4+ 66. Kg5 1-0

[Event "World op 51st"]
[Site "Philadelphia"]
[Date "2023.07.01"]
[Round "2"]
[White "Pang, Qi"]
[Black "Underwood, Toshinori"]
[Result "1-0"]
[WhiteElo "2187"]
[BlackElo "1869"]
[PlyCount "183"]
[EventDate "2023.06.30"]
[EventType "swiss"]
[EventRounds "9"]
[EventCountry "USA"]
[SourceTitle "CBM 215 Extra"]
[Source "ChessBase"]
[SourceDate "2023.09.30"]
[SourceVersion "1"]
[SourceVersionDate "2023.09.30"]
[SourceQuality "1"]

1. Nf3 Nf6 2. g3 e6 3. d4 d5 4. Bg2 Be7 5. 0-0 0-0 6. c4 dxc4 7. Qc2 a6 8. a4 Bd7 9. Qxc4 Bc6 10. Bg5 Nbd7 11. Nc3 h6 12. Bxf6 Nxf6 13. Rfe1 Bd5 14. Qd3 c5 15. e4 Bc6 16. d5 exd5 17. exd5 Nxd5 18. Nxd5 Bxd5 19. Rxe7 Qxe7 20. Qxd5 Rfd8 21. Qe5 Re8 22. Qxe7 Rxe7 23. Bf1 Rd8 24. Bc4 Kf8 25. Kg2 Re4 26. Rc1 Ke7 27. b3 g5 28. h4 f6 29. hxg5 fxg5 30. Rc2 Kf6 31. Nd2 Red4 32. Nf1 R8d7 33. Ne3 h5 34. Be2 Rd2 35. Rxd2 Rxd2 36. Bxh5 Rb2 37. Bd1 b5 38. axb5 axb5 39. Kf3 Ke5 40. Bc2 Kf6 41. Ke4 Ke6 42. f3 c4 43. bxc4 bxc4 44. Kd4 Rb8 45. Nxc4 Rf8 46. Ke4 Kf6 47. f4 Re8+ 48. Kf3 Rc8 49. Bd3 Rd8 50. Be4 gxf4 51. gxf4 Rb8 52. Ne3 Rb3 53. Bc2 Rb5 54. Ng4+ Ke6 55. Bd3 Ra5 56. Bc4+ Kf5 57. Ne3+ Kf6 58. Ng4+ Kf5 59. Bd3+ Ke6 60. Ne3 Kf6 61. Ke4 Ke6 62. f5+ Kf7 63. Kf4 Kf6 64. Ng4+ Kg7 65. f6+ Kf7 66. Bf5 Ra8 67. Bc2 Rb8 68. Kf5 Rb2 69. Ne5+ Kf8 70. Be4 Rf2+ 71. Ke6 Rxf6+ 72. Kxf6 Kg8 73. Nf7 Kf8 74. Bh7 Ke8 75. Ne5 Kd8 76. Ke6 Kc7 77. Nd7 Kb7 78. Bd3 Kc6 79. Be2 Kc7 80. Bf3 Kd8 81. Kd6 Ke8 82. Bh5+ Kd8 83. Bg6 Kc8 84. Nc5 Kd8 85. Nb7+ Kc8 86. Kc6 Kb8 87. Kb6 Ka8 88. Bf5 Kb8 89. Bd7 Ka8 90. Nc5 Kb8 91. Na6+ Ka8 92. Bc6# 1-0

[Event "Philadelphia op 16th"]
[Site "Philadelphia"]
[Date "2023.06.24"]
[Round "2"]
[White "Pang, Qi"]
[Black "Bellahcene, Bilel"]
[Result "0-1"]
[WhiteElo "2187"]
[BlackElo "2497"]
[PlyCount "104"]
[EventDate "2023.06.24"]
[EventType "swiss"]
[EventRounds "9"]
[EventCountry "USA"]
[SourceTitle "CBM 215 Extra"]
[Source "ChessBase"]
[SourceDate "2023.09.30"]
[SourceVersion "1"]
[SourceVersionDate "2023.09.30"]
[SourceQuality "1"]

1. Nf3 Nf6 2. d4 d5 3. g3 Bf5 4. Bg2 e6 5. c4 c6 6. Qb3 Qb6 7. 0-0 h6 8. Nc3 Nbd7 9. c5 Qxb3 10. axb3 a6 11. b4 Rd8 12. h3 g5 13. Be3 Ne4 14. Rfd1 Bg7 15. Ne1 Bg6 16. Kh2 0-0 17. f3 Nxc3 18. bxc3 e5 19. Bf2 f5 20. f4 exf4 21. gxf4 Nf6 22. e3 Bh5 23. Rdc1 Ne4 24. Bxe4 fxe4 25. Bg3 Rf5 26. Nc2 Be2 27. Ne1 Rdf8 28. Ra2 Bc4 29. Rf2 Bf6 30. Rcc2 Bd8 31. Ng2 Bc7 32. h4 Kg7 33. Kh3 Kg6 34. hxg5 hxg5 35. Kg4 Rh8 36. Rc1 a5 37. Ra1 axb4 38. cxb4 Ba6 39. Rfa2 Bb5 40. Rf2 Bc4 41. Ra7 Rb8 42. Bh4 gxh4 43. Nxh4+ Kf6 44. Nxf5 Rg8+ 45. Kh3 Kxf5 46. Rxb7 Bd8 47. Rf7+ Bf6 48. Kh2 Rh8+ 49. Kg1 Rh3 50. Rh2 Rxe3 51. Rh6 Rg3+ 52. Kh2 Rg6 0-1

[Event "New York Mem Day 1000 GM IM-B"]
[Site "New York"]
[Date "2023.05.29"]
[Round "8.3"]
[White "Pang, Qi"]
[Black "Chen, Justin"]
[Result "1/2-1/2"]
[WhiteElo "2165"]
[BlackElo "2333"]
[PlyCount "20"]
[EventDate "2023.05.25"]
[EventType "schev"]
[EventRounds "9"]
[EventCountry "USA"]
[SourceTitle "CBM 214 Extra"]
[Source "ChessBase"]
[SourceDate "2023.07.31"]
[SourceVersion "1"]
[SourceVersionDate "2023.07.31"]
[SourceQuality "1"]
[WhiteTeam "Team B"]
[BlackTeam "Team D"]
[WhiteTeamCountry "USA"]
[BlackTeamCountry "USA"]

1. Nf3 d5 2. d4 Nf6 3. g3 e6 4. Bg2 Be7 5. 0-0 0-0 6. c4 dxc4 7. Qc2 a6 8. a4 Bd7 9. Qxc4 Bc6 10. Bg5 Bd5 1/2-1/2